000 00619nam a22002177a 4500
003 UA-OsUOA
001 843
007 ta
008 20050706b un ||||| |||| 00| 0 ukr d
090 _a82-342.161.1
_bР89
942 _cBK
040 _aUA-OsUOA
_brus
_cUA-OsUOA
_dUA-OsUOA
245 _aРусская басня
_cРедактор Колосова Г.
300 _a600 с.
955 _a3
041 _arus
080 _a82-342.161.1
260 _aМ.
_bХудожественая литература
_c1966
650 7 _a82 Література. Літературознавство
_2UDC
999 _c287017
_d287017